00854nam a22002057a 450000500170000001000150001702000260003203500140005803700090007208200210008110000280010224500670013026000420019727001240023930000200036350000500038394200320043399900190046595201640048420250626122540.0 aENG-145601 a9788123032795c475.00 aEN-129133 bDBAD a791.43095479221 aRay, Bibekananda982378 aBengaliu Offbeat Cinema:bAfter Satyajit Ray/cBibekananda Ray aNew DelhibPublication Divisionc2020 aMinistry of Information and Broadcasting Government Of India, Sochna Bhawan, CGO Complex, Lodhi RoadbNew Delhie110003 a294p.c24cm(Hb) aIncludes bibliographical references and index 2ddccENh791.430954792mRAY c211968d211968 001040718NFICaBL1bBL1d2025-06-26eDelivery of Books Act Divisiong475.00l0o791.430954792 RAYpEN-129133r2025-06-26 00:00:00t1v475.00w2025-06-26yEN